| 000 | 00658 a2200193 4500 | ||
|---|---|---|---|
| 020 | _a0029073804 | ||
| 020 | _a9780029073803 | ||
| 082 | 0 | 4 | _a301.55 |
| 090 |
_c1343 _d1343 |
||
| 100 | 1 | _aDavis, Louis E. | |
| 245 | 1 | 0 |
_aQuality of working life : _bproblems, prospects and the state of the art / _cLouis E. Davis. |
| 260 |
_a[S.l.] : _bFree Pr, _c1975. |
||
| 300 | _a450 p. | ||
| 500 | _aPaperback. | ||
| 700 | 1 | _aCherns, Albert B. | |
| 856 | 4 | 0 |
_3Amazon.com _uhttp://www.amazon.com/exec/obidos/ASIN/0029073804/chopaconline-20 |
| 856 | 4 | 0 |
_3Amazon customer reviews _uhttp://www.chopac.org/cgi-bin/tools/azrev.pl?q=0029073804 |
| 942 |
_aNBS _cBK _k301.55 QUA |
||
| 999 |
_c343865 _d343865 |
||